[Event "ESP-ch U12"]
[Site "Salobrena"]
[Date "2022.07.16"]
[Round "9"]
[White "Uber Gracia, Hugo"]
[Black "Herraiz Ciudad, Miguel"]
[Result "1/2-1/2"]
[WhiteElo "1952"]
[BlackElo "1536"]
[PlyCount "85"]
[EventDate "2022.07.04"]
[EventType "swiss"]
[EventRounds "9"]
[EventCountry "ESP"]
[SourceTitle "EXT 2023"]
[Source "ChessBase"]
[SourceDate "2022.10.05"]
[SourceVersion "1"]
[SourceVersionDate "2022.10.05"]
[SourceQuality "1"]

1. Nf3 Nf6 2. c4 e6 3. Nc3 d5 4. e3 c5 5. b3 Be7 6. Bb2 Nc6 7. cxd5 exd5 8. d4 0-0 9. Be2 Bf5 10. 0-0 Re8 11. Rc1 a6 12. dxc5 Qa5 13. a3 Qxc5 14. Nb5 Qb6 15. Bxf6 gxf6 16. Nbd4 Bg6 17. b4 Rad8 18. h4 h6 19. g4 Kh8 20. h5 Bh7 21. Nxc6 bxc6 22. Nh4 Rg8 23. Kh1 f5 24. Nxf5 Bxf5 25. gxf5 c5 26. bxc5 Bxc5 27. Bg4 d4 28. Qf3 dxe3 29. fxe3 Rde8 30. e4 Bxa3 31. Rc4 Qf6 32. Bh3 Bd6 33. Rc6 Qe5 34. Qc3 Qxc3 35. Rxc3 Rxe4 36. Rc6 Rh4 37. Rf3 Bf8 38. Rxa6 Rxh5 39. Kh2 Bc5 40. Rg3 Bg1+ 41. Kg2 Rxg3+ 42. Kxg3 Rg5+ 43. Kf3 1/2-1/2